000 00361nam a2200133Ia 4500
005 20260328104337.0
008 260328s9999||||xx |||||||||||||| ||und||
100 _aMontero, María
245 0 _aLa TINA 001 :
_b Diseñadoras Gráficas en Latinoamérica /
_cMaría Montero
260 _bPuoila
300 _a287 p.
650 _aDISEÑO INDUSTRIAL
942 _cBK
999 _c11935
_d11935